| 000 | 01040nam2a22002531 4500 | ||
|---|---|---|---|
| 001 | v19\rc\1940551 | ||
| 005 | 20251118180833.8 | ||
| 035 | _a(NLR Aleph) 005027041 | ||
| 090 |
_a6650720 _c6650720 |
||
| 100 | _a20080428d1912 u y0rusy50 ca | ||
| 101 | 0 | _arus | |
| 102 | _aRU | ||
| 105 | _ay z ||||| | ||
| 200 | 0 | _aза 1911 год | |
| 210 | _d1912 | ||
| 215 | _a17 с. | ||
| 461 | 0 |
_1001v19\rc\1940550 _12001#$aОтчет Библиотеки служащих на Юго-восточных жел. дор. ...$fЮго-Вост. ж. д.$vза 1911 год _96650713 _aЮго-Восточные ж. д. (до 1917 г.). Библиотека служащих _cВоронеж _d1912-1913 _fЮго-Вост. ж. д. _tОтчет Библиотеки служащих на Юго-восточных жел. дор. ... _vза 1911 год |
|
| 801 | 0 |
_aRU _bNLR _gpsbo |
|
| 801 | 0 |
_aRU _bRuMoRGB _2psbo |
|
| 801 | 1 |
_aRU _bProSoft-M _2rusmarc |
|
| 852 |
_aNLR _j18.320.8.166(1) |
||
| 899 |
_aRuMoRGB _jU 70/579 _y(1901-1912*) |
||
| 942 | _cBOOK | ||
| 980 | _aNB | ||